Breve historia de los Estados Unidos : (Record no. 6022)

MARC details
000 -CABECERA
campo de control de longitud fija 00670nam a2200205 a 4500
005 - FECHA Y HORA DE LA ÚLTIMA TRANSACCIÓN
campo de control 20240913063811.0
008 - ELEMENTOS DE LONGITUD FIJA--INFORMACIÓN GENERAL
campo de control de longitud fija 991125s1956 mx 000 0 spa u
035 ## - NÚMERO DE CONTROL DEL SISTEMA
Número de control de sistema UPN01000006022
049 ## - COLECCIÓN
Colección CG
050 #4 - SIGNATURA TOPOGRÁFICA DE LA BIBLIOTECA DEL CONGRESO
Número de clasificación E169
Número de documento/Ítem N4.28 1956
100 1# - ASIENTO PRINCIPAL--NOMBRE PERSONAL
Nombre de persona Nevins, Allan
245 10 - MENCIÓN DE TÍTULO
Título Breve historia de los Estados Unidos :
Resto del título biografía de un pueblo libre /
Mención de responsabilidad, etc. Allan Nevins y Henry Steele Commager ; tr. Florentino M. Torner.
250 ## - MENCIÓN DE EDICIÓN
Mención de edición 2a ed.
260 ## - PUBLICACIÓN, DISTRIBUCIÓN, ETC.
Lugar de publicación, distribución, etc. México :
Nombre del editor, distribuidor, etc. Compañía General de Ediciones,
Fecha de publicación, distribución, etc. 1956.
300 ## - DESCRIPCIÓN FÍSICA
Extensión 464 p.
440 #0 - MENCIÓN DE SERIE/ASIENTO SECUNDARIO--TÍTULO
Título Ideas, letras y vida
651 #4 - ASIENTO SECUNDARIO DE MATERIA - NOMBRE GEOGRAFICO
Nombre geográfico Estados Unidos
Subdivisión general Historia
9 (RLIN) 20434
700 1# - ASIENTO SECUNDARIO--NOMBRE DE PERSONAL
Nombre de persona Commager, Henry Steele,
Término indicativo de función/relación coaut.
905 ## - TIPO DE MATERIAL
Tipo de material Libro
Holdings
Estado de retiro Estado de pérdida Fuente del sistema de clasificación o colocación Estado dañado No para préstamo Código de colección Localización permanente Ubicación/localización actual Ubicación en estantería Total de préstamos Clasificación Código de barras Fecha visto por última vez Número de copia Tipo de ítem Koha
    Library of Congress Classification     Colección General Bib. Gregorio Torres Quintero Bib. Gregorio Torres Quintero Planta baja 7 E169 N4.28 1956 43124 31/12/2020 1 Libro